000 00720nam a22002657a 4500
003 CHAP
005 20220817042713.0
008 971013s1976 r 00010 d
010 _a52795
011 _a53767
035 _a57917
040 _cCHAP
082 _a636.5
_bW6
100 0 0 _aWorthington, Jim.
_9122762
245 _aNatural poultry-keeping
260 _aLondon :
_bCrosby Lockwood Staples,
_c1976
300 _a112 p.
590 _aBATCH-UPD
_b10
_c20130110
_lUCH01
_h0407
590 _aBATCH-UPD
_b10
_c20130110
_lUCH01
_h2030
590 _aCONVERSION
_b10
_c20130109
_lUCH01
_h1329
650 1 4 _aAvicultura.
901 _aBK
942 _cLIBRO
949 _a636.5 W6
_bBC
_cLIBRO
_d-125816
_eLIBRO
_i57917
_si
999 _c52795
_d52795